000 00327nam a2200133Ia 4500
005 20260328104338.0
008 260328s9999||||xx |||||||||||||| ||und||
100 _aWiedemann, Julius
245 4 _aThe Package Design Book /
_cJulius Wiedemann
260 _bTaschen
300 _a665 p.
650 _aDISEÑADORES
942 _cBK
999 _c11988
_d11988